| 000 | 00958nam a22003137a 4500 | ||
|---|---|---|---|
| 001 | 0006572 | ||
| 003 | KOHA_MİRAKIL | ||
| 005 | 20260207001526.0 | ||
| 007 | ta | ||
| 008 | 090724b1998 tu |||gr||||#||||0|tur | | ||
| 020 | _a9757425656 | ||
| 040 |
_aTR-BiSEU _btur _cTR-BiSEU _erda |
||
| 041 | 0 | _atur | |
| 044 | _ctu | ||
| 050 |
_aHD2891.93 _b.M84 1998 |
||
| 100 | 1 | _aMüftüoğlu, M. Tamer. | |
| 245 | 1 |
_aTürkiye'de küçük ve orta ölçekli işletmeler : _bKOBİ'ler : _bsorunlar-öneriler/ _cM. Tamer Müftüoğlu ; M. Tamer Müftüoğlu. |
|
| 250 | _a4. bsk. | ||
| 264 | 1 |
_aAnkara : _bTurhan Kitabevi _c1998 |
|
| 300 | _a406 sayfa | ||
| 336 |
_ametin _btxt _2rdacontent |
||
| 337 |
_aaracısız _bn _2rdamedia |
||
| 338 |
_acilt _bnc _2rdacarrier |
||
| 650 | 0 |
_aİşletmeler. _916239 |
|
| 650 | 0 |
_aİşletmeler--Türkiye. _916240 |
|
| 650 | 0 |
_aKüçük işletme. _93944 |
|
| 650 | 0 |
_aKüçük işletme--Türkiye. _916241 |
|
| 942 |
_2lcc _cBK |
||
| 999 |
_c6553 _d6553 |
||